000 01112ata a2200409 4500
005 20241106145923.0
008 150616b xxu||||| |||| 00| 0 spa d
041 _aEspañol
082 _a658.3 M741a11
100 _aMondy, Wayne
_9385
245 _aAdministración de Recursos Humanos
260 _aMéxico
_bPearson
_c2010
300 _a491 páginas
650 _aADMINISTRACIOÓN DE PERSONAL
650 _aRECURSOS HUMANOS
650 _aEDUCACIÓN DE PERSONAL
650 _aÉTICA EMPRESARIAL
650 _aRESPONSABILIDAD SOCIAL
650 _aANÁLISIS DE PUESTOS
650 _aRECLUTAMIENTO
650 _aGESTIÓN DE PERSONAL
650 _aEMPORESAS
650 _aSELECCIÓN DE PERSONAL
650 _aCAPACITACIÓN
650 _aNEGOCIOS
650 _aREMUNERACIÓN
650 _aPRESTACIONES
650 _aSEGURIDAD
650 _aSALUD
650 _aDERECHO LABORAL
650 _aRELACIONES LABORALES
650 _aDIVERSIDAD DE LA FUERZA DE TRABAJO
650 _aSINDICATOS
650 _aNEGOCIACIÓN COLECTIVA
650 _aRELACIONES INTERNAS
942 _cBK
_2ddc
999 _c2886
_d2886